Types of Nuts - Statistics

General Stats
  • This quiz has been taken 353 times
  • The average score is 9 of 12
Answer Stats
Picture Answer % Correct
Coconut
98%
Almond
97%
Peanut
97%
Cashew
93%
Pistachio
92%
Acorn
91%
Walnut
90%
Pecan
81%
Hazelnut
73%
Brazil Nut
49%
Macadamia Nut
23%
Soy Nut
5%
No matching quizzes found
Score Distribution
Percent of People with Each Score
Percentile by Number Answered
Your Score History
You have not taken this quiz